Математика в жизни человека; Современное состояние и проблемы естественных наук

Bibliographic Details
Parent link:Современное состояние и проблемы естественных наук.— 2015.— [С. 266-269]
Main Author: Бомуллоев Д. К.
Corporate Author: Национальный исследовательский Томский политехнический университет (ТПУ) Юргинский технологический институт (ЮТИ)
Other Authors: Журавлев В. А.
Summary:Заглавие с титульного экрана
Language:Russian
Published: 2015
Series:Прикладные задачи математики в области инженерных наук
Subjects:
Online Access:http://earchive.tpu.ru/handle/11683/19889
http://www.lib.tpu.ru/fulltext/c/2015/C68/087.pdf
Format: Electronic Book Chapter
KOHA link:https://koha.lib.tpu.ru/cgi-bin/koha/opac-detail.pl?biblionumber=613539

MARC

LEADER 00000naa2a2200000 4500
001 613539
005 20260521145754.0
035 |a (RuTPU)RU\TPU\conf\11684 
035 |a RU\TPU\conf\11683 
090 |a 613539 
100 |a 20150818d2015 k y0rusy50 ca 
101 0 |a rus 
102 |a RU 
135 |a drgn ---uucaa 
181 0 |a i  
182 0 |a b 
200 1 |a Математика в жизни человека  |f Д. К. Бомуллоев, В. А. Журавлев 
203 |a Текст  |c электронный 
225 1 |a Прикладные задачи математики в области инженерных наук 
300 |a Заглавие с титульного экрана 
320 |a [Библиогр.: с. 269 (6 назв.)] 
337 |a Adobe Reader 
463 1 |0 (RuTPU)RU\TPU\conf\11633  |t Современное состояние и проблемы естественных наук  |o сборник трудов II Всероссийской научно-практической конференции молодых ученых, аспирантов и студентов, г. Юрга, 4-5 июня 2015 г.  |f Национальный исследовательский Томский политехнический университет (ТПУ), Юргинский технологический институт (филиал) (ЮТИ), Кафедра естественного научного образования (ЕНО) ; ред кол. О. Б. Березовская [и др.]  |v [С. 266-269]  |d 2015 
610 1 |a труды учёных ТПУ 
610 1 |a электронный ресурс 
610 1 |a математика 
610 1 |a математическая наука 
610 1 |a история 
700 1 |a Бомуллоев  |b Д. К. 
701 1 |a Журавлев  |b В. А. 
712 0 2 |a Национальный исследовательский Томский политехнический университет (ТПУ)  |b Юргинский технологический институт (ЮТИ)  |c (2009- )  |3 (RuTPU)RU\TPU\col\15903 
801 2 |a RU  |b 63413507  |c 20210216  |g RCR 
856 4 |u http://earchive.tpu.ru/handle/11683/19889 
856 4 |u http://www.lib.tpu.ru/fulltext/c/2015/C68/087.pdf 
942 |c BK